Statystyki dla Logo Quiz #3 Poziom Trudny

Kliknij tutaj aby rozwiązać quiz!

Ogólne statystyki

  • Ten quiz został rozwiązany 5 542 razy
    (4 917 od ostatniego zresetowania)
  • Średni wynik to 18 z 36

Statystyki odpowiedzi

Odpowiedź% Poprawnych
ING
91%
New Balance
87%
Pampers
87%
Tesla
86%
Marvel Comics
83%
Yahoo
83%
Umbro
77%
Heineken
76%
Lacoste
75%
BBC
74%
Safari
73%
Reddit
68%
Warner Brothers
68%
Mountain Dew
66%
Nickelodeon
62%
Louis Vuitton
59%
Chanel
58%
The North Face
57%
Dreamworks
55%
Nestle
52%
Converse
44%
Virgin Mobile
44%
Kodak
42%
iTunes
37%
Air Jordan
36%
Atari
32%
IBM
28%
Target
28%
Mattel
24%
Mr.Clean
22%
American Airlines
9%
Firestone
8%
Arby's
5%
Starter
4%
Dole
3%
Hertz
3%

Rozkład punktacji

Percentyl według liczby udzielonych odpowiedzi

Procent ludzi z każdym wynikiem

Twoja historia wyników

Nie rozwiązałeś tego quizu od ostatniego zresetowania